[Event "London Classic 2nd"]
[Site "London"]
[Date "2010.12.09"]
[Round "2"]
[White "Kramnik, Vladimir"]
[Black "Nakamura, Hikaru"]
[Result "0-1"]
[WhiteElo "2791"]
[BlackElo "2741"]
[Annotator "Krasenkow,M"]
[PlyCount "108"]
[EventDate "2010.12.06"]
[EventType "tourn"]
[EventRounds "7"]
[EventCountry "ENG"]
[EventCategory "19"]
[SourceTitle "CBM 140"]
[Source "ChessBase"]
[SourceDate "2011.01.18"]
[SourceVersion "1"]
[SourceVersionDate "2011.01.18"]
[SourceQuality "1"]

1. Nf3 Nf6 2. c4 e6 3. Nc3 Bb4 4. g3 c5 5. Bg2 O-O 6. O-O d6 7. d4 {White
plays d2-d4 now, instead of move 1, but it is still a well-known Nimzo-Indian
position which arises.} Bxc3 {Alternatives:} (7... Nc6 8. d5 $1) (7... Nbd7) 8.
bxc3 Qe7 {Here, too,} (8... Nc6 {is quite common.}) 9. dxc5 {White often does
without this exchange:} (9. Bg5 Nbd7 10. Qd3 h6 11. Bxf6 Nxf6 12. Rfd1 Bd7 13.
dxc5 dxc5 14. Ne5 Ba4 15. Qd6 Rfe8 16. Rd2 Rac8 17. Rb1 b6 18. Rbb2 Qxd6 19.
Rxd6 Red8 20. Rd3 Kf8 21. Rbd2 {1/2 Georgiev,K (2677)-Anand,V (2803)/Turin
2006/CBM 113}) (9. Qd3 Nc6 10. Rd1 h6 11. Ba3 Bd7 12. Nd2 Rac8 13. f4 b6 14.
Nf1 e5 $6 (14... Na5 $5) 15. fxe5 dxe5 16. dxc5 bxc5 17. Ne3 $14 {1/2 Gupta,A 
(2495)-Kunte,A (2550)/Ooty 2008/CBM 123 Extra (29)}) (9. Nh4 $5 e5 10. d5 e4
11. f4 Re8 12. a4 Na6 13. h3 Nh5 14. Kh2 f5 15. e3 Nf6 16. Rf2 Kh8 17. Bf1 Rg8
18. Be2 $14 {1-0 Milov,V (2595)-Djuric,S (2488)/Genova 2003/CBM 095 ext (61)})
(9. Bf4 $5 Rd8 10. Qc2 Nc6 11. Rfd1 cxd4 (11... d5 12. Ne5 Bd7 13. Bg5 h6 14.
Bxf6 Qxf6 15. cxd5 Nxe5 16. dxe5 Qxe5 17. dxe6 Bxe6 18. Bxb7 $16 {1/2 Stocek,J
(2480)-Balashov,Y (2505)/Passau 1995/EXT 1999 (44)}) 12. cxd4 Bd7 13. Qb2 $14 {
1/2 Moehring,G (2405)-Augustin,J (2445)/Stary Smokovec 1977/MCD (30)}) (9. Nd2
$5 e5 10. Re1 Nbd7 11. e4 cxd4 $6 12. cxd4 exd4 13. Ba3 Ne5 14. Qb3 Nfd7 15. f4
Nc6 16. e5 Nc5 17. Qf3 $14 {0-1 Kindermann,S (2455)-Kuzmin,G (2545)/Dortmund
1981/MCD (32)}) 9... dxc5 10. Ne5 $6 {This knight route is hardly the best.} (
10. Bf4 $5 Rd8 11. Qb3 Nc6 12. Rfd1 Rxd1+ 13. Rxd1 e5 14. Bg5 Be6 15. Nd2 Bf5 (
15... Rd8 $5) 16. Nf1 $1 Rd8 17. Rxd8+ Nxd8 18. Ne3 Be6 19. Qa4 $16 {1/2
Dvirnyy,D (2457)-Leniart,A (2423)/Chotowa 2010/CBM 137 Extra (56)}) 10... Qc7 (
10... Nbd7 $5 11. Nd3 (11. Nxd7 Nxd7 {[%cal Ya8b8,Yb7b6]}) 11... e5 {[%csl Rd3]
} 12. Qb3 Rb8 {[%cal Yb7b6]}) 11. Bf4 (11. Nd3 Nbd7 {[%cal Ya8b8,Yb7b6]} 12.
Qa4 a6) 11... Nh5 {White now loses his bishop pair, and his destroyed pawn
structure will be quite painful. Therefore he goes in for a risky piece
sacrifice.} 12. Qd2 $6 {[%mdl 512]} (12. e3 {was a quiet alternative:} Nxf4 13.
exf4 Nd7 14. Nd3 {The activity of White's pieces should be enough for equality.
}) 12... g5 13. Bxg5 Qxe5 14. Rad1 $6 (14. g4 $142 Ng7 15. Rad1 (15. Bd8 {
[%cal Rf2f4]} Nc6 $1 {liquidates into a favorable ending for Black:} 16. f4
Rxd8 17. Qxd8+ Nxd8 18. fxe5 Bd7 $17) 15... Nd7 16. e4 $44 {Theoretically
Black should consolidate his position but it is not an easy task in practice!})
14... f6 15. Bh6 Ng7 16. Bf4 Qh5 {White's pieces are very active but he has no
real target. Black gradually completes his development keeping - at least
partly - his material advantage.} 17. Bd6 Re8 18. Qf4 Nd7 19. g4 Qf7 20. Rd3 e5
21. Qh6 Qg6 22. Qxg6 hxg6 $19 {After the queen exchange the rest looks
relatively easy; still, Black has to overcome some technical problems.} 23. Be4
Kf7 (23... Nb6 $142 $1 $19 24. Bxg6 $140 Bxg4 25. Bxe8 Bxe2 26. Bg6 Bxd3 27.
Bxd3 Rd8 {K.Sakaev}) 24. f4 exf4 25. Bd5+ Ne6 26. Bxf4 Nb6 $6 {This move gives
White an unpleasant attack.} (26... Kg7 $1 27. Re3 Nb6 $19 {K.Sakaev}) 27. Be5
Nxd5 (27... Nd7 28. Bxf6 $1 Nxf6 29. g5) 28. cxd5 Nf8 (28... Nf4 $5 29. Bxf4
Bxg4 {, then winning the e2 pawn, was safe and simple but opposite-coloured
bishops gave White some drawing chances.}) 29. Rxf6+ Kg8 30. Bd6 Kg7 31. Rf4 g5
32. Rf2 b6 (32... Ng6 $144 33. h3 (33. Rdf3 Bxg4 34. Rf7+ Kh6 35. Rxb7 Bxe2 36.
Rff7 Rh8 {, and Black should win.}) 33... b6 34. Rdf3 Ba6 35. Rf7+ Kh6) 33.
Rdf3 Ng6 34. Rf7+ Kh6 35. h3 (35. R2f6 $5 Bxg4 36. e4 Rxe4 37. Bf8+ Rxf8 38.
Rxf8 Bh3 $1 39. Rh8+ (39. Kf2 Kh5 $1) 39... Kg7 40. Rxg6+ Kxg6 41. Rxh3 {
The rook ending is better for Black but still far from winning.}) 35... Ba6 36.
R2f6 Bxe2 37. Be7 $1 (37. Kf2 Bc4 38. h4 $1 Re2+ 39. Kf3 Bxd5+ 40. Kxe2 Bxf7
41. Rxf7 gxh4 $17 {K.Sakaev}) 37... Bc4 38. Rd6 Bxd5 $6 {Nothing was really
threatened, so Black could have started moving his pawns:} (38... b5 $17 {e.g.}
39. Kf2 a5 40. Kg3 {now threatening 41.Bxg5+! Kxg5 42.h4+!} Bd3 $1 {[%cal
Yb5b4]}) 39. Bxg5+ Kxg5 40. Rxd5+ Kh4 41. Rf3 $2 {White collapses when
salvation is not far away.} (41. Kg2 $1 Re2+ $1 (41... Re5 42. Rxe5 Nxe5 43.
Rf5 Nxg4 44. Rf4 $1 {- the simplest -} Rg8 45. hxg4 Rxg4+ 46. Kf3 Rxf4+ 47.
Kxf4 $11) (41... Rh8 $4 42. Rff5) 42. Kf3 Re5 43. Rh7+ Kg5 44. h4+ $1 Kf6 (
44... Nxh4+ $2 45. Rxh4 Rxd5 46. Rh5+) 45. Rd6+ Re6 46. g5+ Ke5 47. Rxe6+ Kxe6
48. h5 {(indicated by GM K.Sakaev)} Ne7 49. Kg4 {with excellent drawing
chances due to his strong passed pawns. A possible line:} Rf8 50. h6 Ng6 51.
Rg7 Ne5+ 52. Kg3 $1 Kf5 53. h7 Ng6 (53... Rh8 54. Kh4) 54. Rg8 Rf7 $8 55. Rxg6
Rxh7 56. Rg8 {, and White should not lose.}) 41... Re5 $1 42. Rxe5 (42. Rd6 Rf8
$1) 42... Nxe5 43. Rf5 Nd3 44. Kh2 Rh8 $19 {Black's rook is tied up but he has
enough pieces and pawns to decide the game on the queenside.} 45. a4 Rh6 46.
Kg2 a5 47. Kf3 Nb2 48. Kf4 Nxa4 49. c4 Nc3 50. Ke3 a4 51. Kd3 Nd1 52. Rf8 Kxh3
53. g5 Rd6+ 54. Ke4 Kg4 0-1

[Event "Saint Louis m1"]
[Site "Saint Louis"]
[Date "2011.05.19"]
[Round "3"]
[White "Ponomariov, Ruslan"]
[Black "Nakamura, Hikaru"]
[Result "0-1"]
[WhiteElo "2754"]
[BlackElo "2774"]
[Annotator "Ftacnik,L"]
[PlyCount "86"]
[EventDate "2011.05.16"]
[EventType "match"]
[EventRounds "6"]
[EventCountry "USA"]
[SourceTitle "CBM 143"]
[Source "ChessBase"]
[SourceDate "2011.07.15"]
[SourceVersion "1"]
[SourceVersionDate "2011.07.15"]
[SourceQuality "1"]

1. d4 Nf6 2. c4 g6 3. Nc3 Bg7 4. e4 d6 5. Nf3 O-O 6. Be2 e5 7. O-O Na6 8. Re1
c6 9. Be3 Ng4 10. Bg5 f6 11. Bh4 Qe8 12. c5 {White is rushing to create crises
on the board, since both black knight can easily dream up better locations.
The c-pawn advance was played in nearly all the games where this position has
arisen.} dxc5 (12... exd4 13. Nxd4 (13. Bxa6 dxc3 14. Bc4+ Be6 15. Bxe6+ Qxe6
16. Qxd6 Qf7 17. bxc3 h5 {1/2-1/2 Hoegy,K (2145)-Bracker,A (2219)/Wismar 2009}
18. h3 Rad8 19. Qg3 Nh6 20. e5 $16) 13... dxc5 14. Nb3 h5 15. Bxa6 bxa6 16. Bg3
c4 17. Na5 Be6 18. Qa4 Ne5 19. Bxe5 fxe5 20. Qxc6 Qf7 (20... Rb8 21. Re2 Rb6
22. Qxe8 Rxe8 23. Rd1 Rc8 $11) 21. Re2 Rac8 22. Qxa6 h4 23. h3 Rfd8 24. Rd1 Rd4
25. Rxd4 exd4 26. Nd5 d3 27. Rd2 {1-0 Bilobrk,F (2372)-Viskic,P (2222)/Sibenik
2008 (36)} Qe8 28. Ne3 Bh6 $11) 13. dxe5 (13. Bxa6 bxa6 14. d5 Nh6 15. dxc6
Qxc6 16. Qd5+ Qxd5 17. Nxd5 g5 18. Bg3 Rf7 19. Rac1 Bf8 20. b4 $2 (20. h4 gxh4
21. Bxh4 Kg7 $11) 20... cxb4 21. Rc6 Bg7 $17 {0-1 Schildt,R (2001)-Meissner,H 
(2221)/Berlin 2007 (64)}) 13... Nxe5 14. Nxe5 fxe5 $6 {[%mdl 4] Recapturing
with the pawn on e5 is strategically risky. Black is ready to defend the
position with 2 doubled and 5 isolated pawns.} (14... Qxe5 15. Bxa6 bxa6 16.
Qa4 f5 17. Qxc6 Rb8 18. exf5 Qxf5 19. Nd5 Kh8 20. Ne7 Qd7 21. Qxc5 Rxb2 22.
Rad1 Qb5 $11 {1-0 Gavrilov,A (2484)-Shimanov,A (2520)/Moscow 2011 (51)}) 15.
Bxa6 bxa6 16. Qd6 (16. Na4 $5 c4 (16... Rb8 17. Qc2 c4 18. Qxc4+ Rf7 19. f3 $16
) 17. Qc2 Be6 18. Nc5 $14) 16... c4 17. Rad1 Be6 $6 {Even the
supergrandmasters are finding it difficult to play this complicated position
with any degree of precision.} (17... Rf7 18. Qa3 Bf8 19. Qa5 $14) 18. Bg3 (18.
Be7 $1 Bg4 19. f3 Rf7 20. fxg4 Rxe7 21. Qc5 Bf8 22. Qxc4+ Rf7 23. h3 $14) 18...
Rf7 (18... Rb8 19. Bxe5 (19. Re2 $6 Rd8 $15) 19... Bxe5 20. Qxe5 Rxb2 21. Nd5
Rbxf2 22. Nc7 Rxg2+ 23. Kh1 Qf7 24. Rf1 Rf2 25. Rxf2 Qxf2 26. Qxe6+ Kh8 27.
Qe5+ Kg8 $11) 19. Bxe5 (19. f3 Rd7 (19... Rb8 20. Bxe5 Bxe5 21. Qxe5 Rxb2 22.
Rd6 $14) 20. Qc5 Bf8 21. Qxe5 Rd3 $132) 19... Bg4 20. Bxg7 Bxd1 21. Bf6 $6 {
Ponomariov must have felt, that the dark squares are promising him enough
counterplay for the sacrificed pawn. Unfortunately his choice of solution is
among the least precise in the position.} (21. Rxd1 Kxg7 22. Qd4+ Kg8 23. e5
Qe6 24. Ne4 Qd5 25. Nf6+ Rxf6 26. exf6 Qxd4 27. Rxd4 Rb8 $11) (21. Be5 Rd8 22.
Qc5 Bc2 23. f3 $11) 21... Bg4 22. e5 Qd7 $6 {Nakamura is handling the position
by intuition and also misses the most exact continuations.} (22... Bf5 23. Bg5
Qe6 24. Qb4 Rc8 $15) 23. Ne4 (23. Qc5 $1 Be6 (23... Rb8 24. Qxc4 Qe6 25. Qxe6
Bxe6 26. b3 $11) 24. h3 Rb8 25. Re2 $11) 23... Bf5 24. Qb4 (24. Rd1 Re8 25.
Qxd7 Rxd7 26. Nd6 Rb8 27. f3 $15) 24... Bxe4 25. Rxe4 Re8 $1 {Finally the
tactical idea, that Black can understand well. White has to worry about the
back rank as well as about the e-file.} (25... Qd1+ 26. Re1 c5 27. Qa5 Qd5 (
27... Qd4 28. Qxa6 Rb8 29. h3 Qxb2 30. Qxc4 Qb4 31. Qc1 $11) 28. h3 Rb8 $15)
26. f3 (26. Re1 Qd4 27. Rf1 c5 28. Qa4 Rb8 29. Qxa6 Qxb2 30. Qxc4 Qd4 $17)
26... Rxf6 27. exf6 Rxe4 28. fxe4 Qd4+ 29. Kf1 Qxe4 {Black is only a pawn up
in the queen ending, but his lady is active and the f6-pawn can be eliminated.}
30. Qb7 (30. Qb8+ Kf7 31. Qxa7+ Kxf6 32. Qb8 Qf5+ 33. Kg1 Qc5+ 34. Kf1 Qd5 $17)
30... Qf5+ 31. Ke2 Qxf6 32. Qb8+ Kf7 33. Qxa7+ Ke6 34. Qb7 (34. Qxa6 Qxb2+ 35.
Kd1 Qd4+ $17) 34... Qe5+ (34... Kf5 $5 $17) 35. Kf3 Qf5+ 36. Ke3 Qc5+ 37. Kf3
$2 {Tired by the unpleasant defence Ponomariov makes a serious mistake. The
quiet king's retreat to e2 would make the realisation of the advantage very
difficult.} (37. Ke2 Qd5 (37... Qb5 38. Qc8+ Kf6 39. Qf8+ Kg5 40. Qe7+ $13) 38.
Ke3 $15) 37... c3 $1 38. Qc8+ Kd5 39. bxc3 Qxc3+ 40. Kg4 {White is now doomed,
as he cannot prevent further pawn losses or the exchange of queens.} (40. Kf2
Qf6+ 41. Kg1 (41. Ke2 Qe6+ $19) 41... Qd4+ 42. Kf1 Qf4+ 43. Ke1 Qe3+ 44. Kf1
Qd3+ 45. Kf2 Qf5+ $19) 40... Qd4+ 41. Kh3 Qe3+ 42. Kh4 (42. g3 Qe6+ $19) 42...
Qe7+ 43. Kg3 Qg5+ (43... Qg5+ 44. Kf3 Qf5+ $19) 0-1

[Event "Saint Louis m1"]
[Site "Saint Louis"]
[Date "2011.05.22"]
[Round "6"]
[White "Nakamura, Hikaru"]
[Black "Ponomariov, Ruslan"]
[Result "1-0"]
[WhiteElo "2774"]
[BlackElo "2754"]
[PlyCount "87"]
[EventDate "2011.05.16"]
[EventType "match"]
[EventRounds "6"]
[EventCountry "USA"]
[SourceTitle "CBM 143"]
[Source "ChessBase"]
[SourceDate "2011.07.15"]
[SourceVersion "1"]
[SourceVersionDate "2011.07.15"]
[SourceQuality "1"]

1. d4 d5 2. c4 e6 3. Nc3 Be7 4. cxd5 exd5 5. Bf4 c6 6. Qc2 Bd6 7. Bxd6 Qxd6 8.
e3 Qg6 9. Qxg6 hxg6 10. b4 a6 11. f3 Nd7 12. Bd3 Ne7 13. Nge2 g5 14. Kf2 Nf6
15. g4 Kd8 16. Kg3 Bd7 17. a4 Nc8 18. h3 Re8 19. Kf2 Nd6 20. a5 Re7 21. Rac1
Nfe8 22. Ng3 g6 23. h4 gxh4 24. Rxh4 f5 25. gxf5 Nxf5 26. Nxf5 gxf5 27. Rh8 Rb8
28. Na4 Kc7 29. Nb6 Be6 30. Rf8 Rf7 31. Rxf7+ Bxf7 32. Bxf5 Nd6 33. Bd3 Rh8 34.
Rg1 Kd8 35. Na4 Nc4 36. Nc5 Rh2+ 37. Rg2 Rxg2+ 38. Kxg2 Kc7 39. Bxc4 dxc4 40.
Na4 Be8 41. Nc3 b6 42. e4 Kb7 43. Kf2 c5 44. bxc5 1-0

[Event "Dortmund SuperGM 39th"]
[Site "Dortmund"]
[Date "2011.07.31"]
[Round "10"]
[White "Kramnik, Vladimir"]
[Black "Nakamura, Hikaru"]
[Result "0-1"]
[WhiteElo "2781"]
[BlackElo "2770"]
[Annotator "Krasenkow,M"]
[PlyCount "100"]
[EventDate "2011.07.21"]
[EventType "tourn"]
[EventRounds "10"]
[EventCountry "GER"]
[EventCategory "20"]
[SourceTitle "CBM 144"]
[Source "ChessBase"]
[SourceDate "2011.09.16"]
[SourceVersion "1"]
[SourceVersionDate "2011.09.16"]
[SourceQuality "1"]

1. d4 Nf6 2. c4 g6 3. Nc3 Bg7 4. e4 d6 5. Nf3 O-O 6. Be2 e5 7. O-O Nc6 8. d5
Ne7 9. b4 Nh5 10. c5 Nf4 11. a4 {Hardly a worthwhile experiment.} (11. Bxf4
exf4 12. Rc1 {is the most common continuation here.}) 11... f5 12. Bc4 fxe4 13.
Nxe4 h6 {[%csl Gf4]} 14. Re1 (14. g3 Nh3+ $1 (14... Nh5 15. Nfd2 Kh8 16. Ra3 a6
17. cxd6 cxd6 18. b5 Bf5 19. bxa6 bxa6 20. Qe2 $14 {0-1 Bareev,E (2677)
-Amonatov,F (2649)/Dagomys 2008/CBM 124 (36)}) 15. Kh1 Bg4 16. Ra3 Qd7 $132 {
S.Zagrebelny}) 14... Bg4 15. Ra3 g5 16. h3 Bh5 17. Bxf4 Rxf4 18. g3 Rf8 19. a5
Kh8 20. Kg2 Rb8 21. Qd2 (21. h4 $5 gxh4 22. Rh1 Nf5 23. Qb1 {K.Landa} dxc5 $5
24. bxc5 b5 $13) 21... b6 22. axb6 axb6 $11 {Despite White's control of the
e4-square, Black's strong light-squared bishop guarantees him sufficient
counterplay.} 23. Nfxg5 $5 {[%mdl 512] A risky but interesting piece sacrifice.
} (23. cxd6 cxd6 24. Bb5 Ra8 $132) 23... hxg5 24. Qxg5 Bg6 25. cxd6 cxd6 26.
Ra7 Rc8 (26... Rf7 $5 27. f3 b5 28. Rxe7 Qxe7 29. Qxg6 bxc4 30. Ng5 Kg8 31.
Nxf7 Qxf7 32. Qxd6 Rb5 {K.Landa} 33. Rd1 {- White is fighting for a draw here.}
) 27. Rxe7 Rxc4 28. f3 Rc2+ (28... Rxb4 29. h4 b5 30. Re2 $132 {[%cal Rh4h5]})
29. Kg1 Rc8 30. Ra1 (30. h4 $5 {was recommended by K.Landa:} Rf7 31. Qxg6 Rxe7
32. Ng5 Bf8 33. Qh5+ Kg8 34. Qg6+ $11 {since} Bg7 $2 35. h5 {is favourable for
White.}) {The text move is also enough for a draw.} 30... Rf7 31. Qxg6 Qxe7 (
31... Rxe7 32. Ng5 $11) 32. Ng5 $2 (32. Nxd6 {was indicated by many
commentators. After} Rcf8 33. Nxf7+ Qxf7 34. Qxf7 Rxf7 35. Kg2 {, with 3 pawns
for a piece, White should not lose.}) 32... Kg8 33. Qh7+ Kf8 34. Ne6+ Ke8 35.
Qh5 Bf6 (35... Qf6 $142 $1 {[%cal Re5e4] although Black still has a lot of
work to do to consolidate his position, e.g.} 36. Qg4 $1 Rd7 37. f4 $5 e4 ({
but not} 37... exf4 38. Re1 $1) 38. Ra2 {etc.}) 36. g4 $2 {Wrong! Surprisingly,
it is very difficult for Black to make any progress after} (36. Ra2 {(K.Landa)}
) ({or} 36. Qg6 Qb7 37. Ra2 {[%cal Yh3h4]} b5 38. Kg2) 36... Qb7 {Quite
sufficient but} (36... e4 $142 $1 37. Rf1 exf3 38. Rxf3 Rc1+ 39. Kg2 Rc2+ 40.
Kh1 Qa7 $19) 37. Rd1 (37. Qg6 b5 {[%cal Rb7b6] White has no time for the Kg2,
Ra2 setup.} 38. Kh1 $1 (38. Ra2 Bd8 $1 {[%cal Rf7f3,Rb7d5]} 39. Qg8+ Ke7 40.
Qg5+ Kd7 41. Qg6 Rf6) 38... e4 39. Re1 Qxd5 40. Qg8+ Ke7 41. Qxc8 Qxe6 42. Rxe4
Be5 $19) 37... Qa6 {[%cal Ra6e2]} 38. Qg6 Ke7 39. g5 Bh8 40. Re1 Qa3 41. Nd4
Qxb4 (41... Rc1 {is simpler:} 42. Qe6+ Kf8 43. Qxd6+ Kg8 $19) 42. Nf5+ Kf8 43.
Rd1 (43. Qxd6+ Qxd6 44. Nxd6 Rd8 45. Nxf7 Kxf7 $19 {_|_}) 43... Rc2 44. Nd4
exd4 45. Qxc2 Qc3 46. Qe4 Qe3+ 47. Qxe3 dxe3 48. Kg2 Bc3 49. Kf1 Rxf3+ 50. Ke2
Rxh3 0-1

[Event "Grand Slam Final 4th"]
[Site "Sao Paulo/Bilbao"]
[Date "2011.10.08"]
[Round "8"]
[White "Nakamura, Hikaru"]
[Black "Aronian, Levon"]
[Result "1-0"]
[WhiteElo "2753"]
[BlackElo "2807"]
[Annotator "Edouard,R"]
[PlyCount "157"]
[EventDate "2011.09.26"]
[EventType "tourn"]
[EventRounds "10"]
[EventCountry "BRA"]
[EventCategory "22"]
[SourceTitle "CBM 145"]
[Source "ChessBase"]
[SourceDate "2011.11.11"]
[SourceVersion "1"]
[SourceVersionDate "2011.11.11"]
[SourceQuality "1"]

1. d4 d5 2. c4 e6 3. Nc3 Be7 4. cxd5 exd5 5. Bf4 c6 6. e3 Bf5 7. g4 {The main
line, actually!} Be6 8. h4 (8. h3 $5 {is the other option where White's plan
is to play Bd3, Qc2, Nge2, 0-0-0 and so on.}) 8... Nd7 9. h5 Nh6 10. Be2 Nb6
11. Nh3 g5 12. hxg6 hxg6 13. Bg3 $146 (13. f3 Bh4+ {[%cal Gg6g5,Gf7f5]
followed by ...g5 and ...f5 was usually played - and very fine for Black.})
13... Qd7 ({Was Naka's novelty pure bluff? It seems that after the brillant} 
13... Nxg4 $3 14. Bxg4 Qd7 {Black is actually better!}) 14. Nf4 O-O-O 15. Nxe6
Qxe6 16. Rg1 Bd6 17. Qc2 Bxg3 18. Rxg3 f5 19. O-O-O Nxg4 20. Bxg4 fxg4 21. Rdg1
Rh4 22. Qe2 Rf8 23. Nd1 Rf4 24. Kd2 $5 Nc4+ 25. Ke1 {Till there, apart from
the 13...Nxg4 possibility, everything has proceeded normally. Black is doing
very well, and got a very pleasant equality, however Aronian's next move was a
bit surprising: too soft or too light. I call it surprising, since it goes, in
my opinion, against Aronian's superb active style.} Rf3 $6 (25... Rf6 26. Rxg4
Rh2 {and Black is never going to be worse. For example:} 27. e4 {(the only way
to try anything)} Qd6 $5 (27... Qe7 28. a3 Re6 29. Ne3 Rxe4 30. Rxe4 Qxe4 31.
Nxc4 Qxe2+ 32. Kxe2 dxc4 33. Rxg6 Rh3 $11) 28. a3 Re6 29. Kf1 Qd7 30. Ne3 (30.
e5 c5 31. b3 Nd6 $15) 30... Rf6 (30... Nxe3+ 31. Qxe3 dxe4 32. Rxe4 Rxe4 33.
Qxe4 Qf7 34. Qg4+ $11) 31. Nd1 {and White probably holds, though he's
definitely not trying to win.}) 26. Rxf3 gxf3 27. Qxf3 Qf5 $6 (27... Kd7 $5 28.
b3 Nd6 {and Black still has no problem at all.}) 28. Qg3 $1 Rh6 29. b3 Nb6 30.
Qg4 $1 {Already White's position is a bit easier to play.} Nd7 31. Qxf5 gxf5
32. Nc3 Nf6 33. Ne2 Ng4 $6 {Too inoffensive again in my opinion. Black should
try to take a bit of control of the queenside, and find some stable setup,
otherwise White is going to dominate everywhere as in the game.} (33... Rh2 $5
34. Nf4 a5 $1 35. Nd3 Ne4 {and maybe here Black just holds. Some tactics out
of White's queenside pawns are a plus for Black's defence.}) 34. Nf4 Rh2 35.
Nd3 {The right place for White's knight. Now White's king is going to g3 and
f4. Somehow Black's plan is wrong.} Kd8 $6 {Maybe this move is not actually
the dubious one, but the mark is for the plan behind the next moves. White
went very fast from slightly better to winning.} ({Maybe} 35... a5 36. Ke2 Rh3
{should be a good defence. Of course after} 37. Rg2 {followed by f3, Black has
some problems to solve (maybe 37...Rh1!? to find counterplay), but it is
somehow better than letting White's king advance.}) 36. b4 (36. Ke2 $5) 36...
Ke7 $6 (36... Kc7 {followed by ...Kb6 and ...a5 seems to give Black
counterplay, though White is still better. I would have preferred 36.Ke2.}) 37.
a4 b6 38. Ke2 Kd6 39. Kf3 a5 40. bxa5 bxa5 41. Kg3 Kc7 42. Rc1 {Now White's
position is just crushing.} Rh7 43. Kf4 Re7 44. Rc2 Re4+ 45. Kg5 $18 (45. Kxf5
{was possible but Black can go} Rxe3 46. Ne5 Nxe5 47. fxe3 Nc4 48. Kf4 Nd6 {
which should be winning for White, though it also gives Black unnecessary
chances to draw.}) 45... Re8 46. Rb2 Rf8 47. Nc5 Kc8 48. Kf4 {The rest is just
a matter of technique.} Rh8 49. f3 Nh2 50. Rf2 Rh3 51. Nb3 Kc7 52. Nxa5 Kb6 53.
Nb3 Ka6 54. Nc1 Ka5 55. Ne2 Kxa4 56. Ng1 Rh6 57. Kg3 Ng4 58. fxg4 fxg4 59. Rf5
Rh1 60. Kg2 Rh4 61. Ne2 Kb5 62. Nf4 Rh8 63. Kg3 Rg8 64. Re5 Kc4 65. Re6 Kb5 66.
Re7 Kb4 67. Nd3+ Kc3 68. Ne5 c5 69. dxc5 d4 70. exd4 Kxd4 71. Nd7 Rd8 72. c6
Rc8 73. Re6 Rc7 74. Rd6+ Kc4 75. Kxg4 Kb5 76. Ne5 Rh7 77. Rd7 Rh8 78. Kf5 Kb6
79. Ke6 1-0

[Event "London Classic 3rd"]
[Site "London"]
[Date "2011.12.04"]
[Round "2"]
[White "Nakamura, Hikaru"]
[Black "Aronian, Levon"]
[Result "1-0"]
[WhiteElo "2758"]
[BlackElo "2802"]
[Annotator "RR"]
[PlyCount "107"]
[EventDate "2011.12.03"]
[EventType "tourn"]
[EventRounds "9"]
[EventCountry "ENG"]
[EventCategory "20"]
[SourceTitle "CBM 146"]
[Source "ChessBase"]
[SourceDate "2012.01.18"]
[SourceVersion "1"]
[SourceVersionDate "2012.01.18"]
[SourceQuality "1"]

1. d4 d5 2. c4 e6 3. Nc3 Be7 4. cxd5 exd5 5. Bf4 c6 6. e3 Bf5 7. Nge2 Nd7 8.
Ng3 Bg6 9. Be2 Nb6 10. Be5 Nf6 11. h4 h6 12. h5 Bh7 13. Bd3 O-O 14. Bxh7+ Kxh7
15. Qc2+ Kh8 16. Nf5 Nc4 17. b3 Nxe5 18. dxe5 Ng4 19. f4 Qd7 20. O-O-O f6 21.
e4 fxe5 22. Qe2 Nf6 23. Nh4 exf4 24. Ng6+ Kg8 25. Nxf8 Bxf8 26. exd5 cxd5 27.
Qd3 Rd8 28. Kb1 Bc5 29. Rhf1 Be3 30. g3 d4 31. gxf4 Qe7 32. Rde1 Rd7 33. Nd1
Nd5 34. Nxe3 dxe3 35. Rc1 Rd8 36. Qf5 Qe8 37. Rfe1 b6 38. a3 $6 (38. Ka1 Qf8
39. Qe5 $16) 38... Kh8 39. Kb2 a5 $2 (39... e2 40. Rc2 Qe3 $14) 40. Rc4 $6 (40.
Rcd1 Qg8 41. Qe5 $18) 40... Nf6 $16 41. Qe5 Qf8 42. Qxe3 b5 43. Rd4 b4 44. a4
Rxd4 45. Qxd4 Nxh5 46. Re5 Nxf4 47. Rxa5 Ne6 48. Qd2 g5 49. Ra6 Qf6+ 50. Ka2
Qe5 51. Qb2 Qxb2+ 52. Kxb2 Nf4 53. Rxh6+ Kg7 54. Rd6 1-0